Famous Explorers #2 - Statistics

General Stats
  • This quiz has been taken 79 times
  • The average score is 8 of 20
Answer Stats
Hint Answer % Correct
Norse Erik the Red
92%
American Buzz Aldrin
85%
Spanish Hernán Cortés
81%
Nepali/Indian Tenzing Norgay
75%
Spanish Francisco Pizarro
65%
British Henry Morton Stanley
50%
British Robert Falcon Scott
48%
Danish Vitus Bering
44%
British/Irish Ernest Shackleton
40%
Norwegian Thor Heyerdahl
38%
Florentian Amerigo Vespucci
37%
French Jacques Cartier
29%
Norwegian Fridtjof Nansen
27%
Maghrebi Ibn Battuta
25%
Portuguese Bartolomeu Dias
19%
German Alexander von Humboldt
17%
Portuguese Pedro Álvares Cabral
15%
American Frank Borman | Jim Lovell | Bill Anders
13%
Spanish Juan Sebastián Elcano
12%
Soviet Alexei Leonov
8%
No matching quizzes found
Score Distribution
Percent of People with Each Score
Percentile by Number Answered
Your Score History
You have not taken this quiz